000 00832cam a22002534a 4500
005 20080820115011.0
008 080216s2008 ii b 001 0 eng
010 _aENG-92049
020 _a9788124018040
_c175.00
020 _a8124018049
_c175.00
035 _aEN-75582
037 _bDBAD / VEN
040 _adpl
_bEnglish
082 _222
_a130
100 _aNair, N. Bhaskaran
245 _aThe way of cosmic self /
_cby N. Bhaskaran Nair
260 _bAuthor
_c2008
_aKottayam
300 _a215p.
_c21cm (pbk)
500 _aIncludes bibliographical references and index
650 _2Occultism
942 _2ddc
_cEN
_e22
_h130
_mNAI
999 _c19575
_d19575